Základy harmónie a polyfónie Učebné texty pre študentov študujúcich hudobnú výchovu odbor učiteľstvo všeobecnovzdelávacích predmetov

Bibliographic Details
Main Author: Lipták, Teodor, 1934-1994 (Author)
Format: Book
Language:Slovak
PhysicalDescription:370 s., 34,967 AH Noty. 29 cm
Published: Košice Univerzita P. J. Šafárika 1991
ISBN:8070971029
Edition:2. preprac. vyd.
Series:Vysokoškolské učebné texty
Subjects:

MARC

LEADER 00000nam a2200000 a 4500
001 vtls001066502
003 SK-MaSNL
005 20260301110836.0
008 250414s1991 xo 0 slo
015 |a SNBA1991/12 
020 |a 8070971029 
035 |a SNK000009332 
035 |a urn:nbn:sk:snk-amln65 
035 |a urn:nbn:sk:snk-am00byuk 
035 |a 425487F5-E848-41FD-AB65-0FADBBD4BC9A 
040 |a SNK  |b slo  |c SNK  |e AACR2 
041 0 |a slo 
044 |a xo  |c SK 
080 |a 781.41(075.8)  |2 1981 
100 1 |a Lipták, Teodor,  |d 1934-1994  |4 aut  |9 5540 
245 1 0 |a Základy harmónie a polyfónie  |b Učebné texty pre študentov študujúcich hudobnú výchovu odbor učiteľstvo všeobecnovzdelávacích predmetov  |c Teodor Lipták 
250 |a 2. preprac. vyd. 
260 |a Košice  |b Univerzita P. J. Šafárika  |c 1991  |e Košice  |f Edičné stredisko UPJŠ 
300 |a 370 s., 34,967 AH  |b Noty.  |c 29 cm 
366 |e 230 výtl. 
490 1 |a Vysokoškolské učebné texty 
504 |a Obsahuje bibliografiu 
650 0 7 |a hudba  |2 SNKPH  |9 1063 
650 0 7 |a harmónia (hudba)  |2 SNKPH  |9 2859 
650 0 7 |a polyfónia  |2 SNKPH  |9 76153 
655 7 |a učebnice vysokých škôl  |2 SNKPH  |9 70191 
830 0 |a Vysokoškolské učebné texty  |9 276539 
852 |a Slovenská národná knižnica 
919 |a 80-7097-102-9 
954 |a hudba  |a harmónia 
958 0 7 |a RM 
958 0 7 |a NB 
958 0 7 |a UV 
999 |c 704449  |d 706379 
952 |t P60, <04>, [BOOK], {604}  |a SNK  |b SNK  |y VYP  |7 0  |p 17A0114668  |o snkSB 48666 D1  |0 0  |1 0  |4 0  |d 1997-12-10  |l 0  |r 2004-12-31 00:00:00  |w 2026-02-23 
952 |a SNK  |b SNK  |y PREZ  |7 0  |p 17A0853338  |o snkSB 48666  |0 0  |1 0  |4 0  |d 2012-07-10  |f 1  |l 0  |r 2026-02-23 21:11:20  |w 2026-02-23